000 00784 a2200241 4500
005 20251029152211.0
008 251029b |||||||| |||| 00| 0 eng d
020 _a9788119391479 (hbk)
037 _cTB
040 _aCRL
_cCRL
041 _2eng
_aeng
084 _aV2:720aNT R3
_qCRL
100 _aSaxena, Sharmila
_9821177
245 _aIndian epigraphy and theatre
260 _aNew Delhi, India:
_bAsia Publishers and Distributors,
_c2025.
300 _ax, 280p.
365 _b1800.00
_cINR
650 _aInscription
_9849814
650 _aIndia- History
_9849815
650 _aHistory
_9849816
942 _cTB
_2CC
_n0
_hV2:720aNT R3
999 _c1435356
_d1435356